000 00686nam a2200289Ia 4500
005 20260324133114.0
008 008 260324s9999 xx 000 0 eng d
020 _a9780203988831
037 _aEBOOK
040 _aCRL
040 _beng
040 _cCRL
041 _2eng
041 _aeng
084 _qCRL
100 _aStephen Hodge
_91191813
245 4 _aThe Maha-Vairocana-Abhisambodhi Tantra
245 0 _bWith Buddhaguhya's Commentary
260 _bTaylor and Francis
260 _c2003
365 _a
365 _b300
856 _uhttp://www.taylorfrancis.com/books/9780203988831
942 _cEBOOK
999 _c1790559
_d1790559